[Event "7. Open de Sants Hostafrancs"]
[Site "Barcelona ESP"]
[Date "2005.09.01"]
[Round "7.16"]
[White "Fluvia Poyatos, Joan"]
[Black "Herms Agullo, Jordi"]
[Result "1-0"]
[WhiteElo "2458"]
[BlackElo "2113"]
[PlyCount "99"]
[EventDate "2005.08.27"]
[EventType "swiss"]
[EventRounds "10"]
[EventCountry "ESP"]
[Source "lmi"]
[SourceDate "2005.08.30"]

1. e4 d5 2. exd5 Nf6 3. Bb5+ Bd7 4. Bc4 Bg4 5. f3 Bf5 6. g4 Bc8 7. Nc3 c6 8.
dxc6 Nxc6 9. d3 a6 10. a4 e5 11. Be3 Bb4 12. Nge2 Nd4 13. O-O O-O 14. Ng3 Bd7
15. Nce4 Nxe4 16. fxe4 Ne6 17. Qf3 Rc8 18. c3 Bc5 19. Bxc5 Nxc5 20. Bxf7+ Kh8
21. Qe3 Bxg4 22. d4 Nd7 23. Bd5 Qb6 24. b3 Nf6 25. a5 Nxd5 26. exd5 Qxb3 27.
Qxe5 Rfe8 28. Qg5 Bh3 29. Nh5 Rg8 30. Rf3 Qb2 31. Rc1 Bg4 32. Rf2 Qa3 33. Ng3
Rce8 34. h3 Bc8 35. Kg2 h6 36. Qd2 Qxa5 37. c4 Qd8 38. Rcf1 Qh4 39. Nf5 Qh5 40.
Qd1 Qg6+ 41. Qg4 Bxf5 42. Rxf5 Re2+ 43. R1f2 Rxf2+ 44. Rxf2 Qd3 45. c5 a5 46.
d6 a4 47. d7 Qc4 48. Re2 Rf8 49. Qf3 Qg8 50. Qxf8 1-0

[Event "7. Open de Sants Hostafrancs"]
[Site "Barcelona ESP"]
[Date "2005.09.01"]
[Round "7.18"]
[White "Gonzalez Rodriguez, Jorge A"]
[Black "Tardio Fran, Emilio"]
[Result "1-0"]
[WhiteElo "2386"]
[BlackElo "2025"]
[PlyCount "127"]
[EventDate "2005.08.27"]
[EventType "swiss"]
[EventRounds "10"]
[EventCountry "ESP"]
[Source "lmi"]
[SourceDate "2005.08.30"]

1. b3 b6 2. Bb2 Bb7 3. e3 e6 4. Nf3 Nf6 5. d4 Ne4 6. g3 Ng5 7. Nbd2 Nxf3+ 8.
Nxf3 Be7 9. Bg2 O-O 10. O-O Bf6 11. Qd3 g6 12. e4 Bg7 13. c4 Nc6 14. Qd2 Ne7
15. d5 Bxb2 16. Qxb2 d6 17. dxe6 fxe6 18. Ng5 Bc8 19. e5 d5 20. Rad1 c6 21. Ne4
Nf5 22. Nf6+ Kg7 23. Rfe1 Bb7 24. f4 h5 25. Bh3 Rh8 26. Bxf5 gxf5 27. h3 Qe7
28. cxd5 Qc5+ 29. Kh2 cxd5 30. Rc1 Qe7 31. Rc2 Rac8 32. Rec1 h4 33. gxh4 Qb4
34. Rc7+ Kh6 35. Qf2 Rxc7 36. Rxc7 Ba6 37. a3 Qb5 38. Qg2 Qe2 39. Rc2 Qxg2+ 40.
Rxg2 Bb5 41. a4 Be8 42. Rc2 Bg6 43. Rc7 d4 44. Rd7 Rc8 45. Rxd4 Rc2+ 46. Kg1
Rc3 47. Rd7 Rxh3 48. h5 Bxh5 49. Kg2 Rh4 50. Rxa7 Bg6 51. Kg3 Rh1 52. Rb7 Rc1
53. Rxb6 Rc3+ 54. Kf2 Rc2+ 55. Ke3 Bh5 56. Rxe6 Rc3+ 57. Kd4 Rxb3 58. Nd5+ Kg7
59. a5 Bf7 60. Rb6 Ra3 61. e6 Be8 62. a6 Kf8 63. Ke5 Ra5 64. Rb8 1-0

[Event "7. Open de Sants Hostafrancs"]
[Site "Barcelona ESP"]
[Date "2005.09.01"]
[Round "7.20"]
[White "Goossens, Etienne"]
[Black "Purnama, Tirta Chandra"]
[Result "0-1"]
[WhiteElo "2229"]
[BlackElo "2339"]
[PlyCount "46"]
[EventDate "2005.08.27"]
[EventType "swiss"]
[EventRounds "10"]
[EventCountry "ESP"]
[Source "lmi"]
[SourceDate "2005.08.30"]

1. d4 d5 2. Bf4 c5 3. e4 dxe4 4. d5 Nf6 5. Nc3 a6 6. Qe2 Bg4 7. Qd2 b5 8. h3
Bc8 9. d6 exd6 10. O-O-O Be6 11. f3 exf3 12. Nxf3 b4 13. Na4 d5 14. Ng5 Bd6 15.
Nxe6 fxe6 16. Bd3 O-O 17. Bxd6 Qxd6 18. g4 Qc6 19. Qe3 c4 20. Be2 Qxa4 21.
Qxe6+ Kh8 22. g5 Nbd7 23. gxf6 Nxf6 0-1

[Event "7. Open de Sants Hostafrancs"]
[Site "Barcelona ESP"]
[Date "2005.09.02"]
[Round "8.1"]
[White "Al Modiahki, Mohamad"]
[Black "Gonzalez Garcia, Jose"]
[Result "1-0"]
[WhiteElo "2570"]
[BlackElo "2478"]
[PlyCount "77"]
[EventDate "2005.08.27"]
[EventType "swiss"]
[EventRounds "10"]
[EventCountry "ESP"]
[Source "lmi"]
[SourceDate "2005.08.30"]

1. e4 e6 2. d4 d5 3. Nd2 c5 4. exd5 exd5 5. Ngf3 Nf6 6. Bb5+ Bd7 7. Qe2+ Be7 8.
dxc5 O-O 9. Nb3 Re8 10. Be3 a6 11. Bd3 Ba4 12. Nfd4 Nbd7 13. O-O-O Bxb3 14.
Nxb3 Nxc5 15. Qf3 Nxb3+ 16. axb3 Qa5 17. Kb1 Bc5 18. Bxc5 Qxc5 19. Qf4 a5 20.
Rhe1 b6 21. g4 Rxe1 22. Rxe1 Re8 23. Rxe8+ Nxe8 24. g5 Qd6 25. Qf5 g6 26. Qc8
Qe6 27. Qd8 Kh8 28. h4 Kg8 29. f4 Kg7 30. Ka2 h5 31. gxh6+ Kh7 32. f5 gxf5 33.
Qg5 Qf6 34. Bxf5+ Kh8 35. Bd3 Qxg5 36. hxg5 Nc7 37. b4 axb4 38. Kb3 Ne6 39.
Kxb4 1-0

[Event "7. Open de Sants Hostafrancs"]
[Site "Barcelona ESP"]
[Date "2005.09.02"]
[Round "8.4"]
[White "Hernando Rodrigo, Julio A"]
[Black "Parligras, Mircea"]
[Result "0-1"]
[WhiteElo "2371"]
[BlackElo "2571"]
[PlyCount "138"]
[EventDate "2005.08.27"]
[EventType "swiss"]
[EventRounds "10"]
[EventCountry "ESP"]
[Source "lmi"]
[SourceDate "2005.08.30"]

1. d4 Nf6 2. Nf3 e6 3. c4 b6 4. g3 Ba6 5. b3 Bb4+ 6. Bd2 Be7 7. Bg2 c6 8. Qc2
d5 9. O-O O-O 10. Rd1 Nbd7 11. Bf4 Rc8 12. Ne5 Nxe5 13. Bxe5 Nd7 14. Bf4 Bf6
15. e4 dxe4 16. Nc3 Be7 17. Qxe4 b5 18. cxb5 cxb5 19. d5 e5 20. d6 Bf6 21. Bd2
Nc5 22. Qg4 Qxd6 23. b4 Qe6 24. Bh3 Qxg4 25. Bxg4 Ne6 26. Bxe6 fxe6 27. Ne4 Be7
28. Nc5 Bxc5 29. bxc5 Bb7 30. Bg5 Bd5 31. Rdb1 Rb8 32. Be7 Rfc8 33. Bd6 Rb7 34.
a3 a5 35. Rb2 b4 36. axb4 axb4 37. Ra5 e4 38. Kf1 b3 39. Ke2 Kf7 40. Ke3 Kf6
41. Ra6 Kf5 42. h3 g5 43. Ra5 h5 44. Ra6 h4 45. Ra1 Rh7 46. g4+ Kg6 47. Rc1 Rf7
48. Rc3 Rf3+ 49. Kd4 e5+ 50. Bxe5 Rxc3 51. Kxc3 Rxc5+ 52. Kd4 Ra5 53. Bh8 Kf7
54. Kc3 Ra1 55. Rd2 Ke6 56. Kb4 Rh1 57. Kc5 Rc1+ 58. Kb4 Rc4+ 59. Ka3 Rc1 60.
Kb4 Rc4+ 61. Ka3 Rc8 62. Bd4 Rf8 63. Be3 Rf3 64. Bxg5 Rxh3 65. Bd8 Rd3 66. Re2
h3 67. f4 e3 68. f5+ Kd7 69. Bg5 Rd2 0-1

[Event "7. Open de Sants Hostafrancs"]
[Site "Barcelona ESP"]
[Date "2005.09.02"]
[Round "8.5"]
[White "Marin, Mihail"]
[Black "Fluvia Poyatos, Joan"]
[Result "1/2-1/2"]
[WhiteElo "2537"]
[BlackElo "2458"]
[PlyCount "62"]
[EventDate "2005.08.27"]
[EventType "swiss"]
[EventRounds "10"]
[EventCountry "ESP"]
[Source "lmi"]
[SourceDate "2005.08.30"]

1. c4 e5 2. Nc3 Nc6 3. g3 Nf6 4. Bg2 Bc5 5. d3 d6 6. Nf3 O-O 7. O-O h6 8. a3 a5
9. e3 Bb6 10. b3 Bf5 11. h3 Qd7 12. Kh2 Bh7 13. Bb2 Rfe8 14. Ng1 e4 15. Nd5
Nxd5 16. cxd5 Nd8 17. dxe4 Bxe4 18. Bxe4 Rxe4 19. Qf3 f5 20. g4 Nf7 21. gxf5
Ng5 22. Qg2 Rae8 23. f6 Rh4 24. Rae1 Qf7 25. Qg3 Rh5 26. Qg4 g6 27. e4 Nh7 28.
Qf4 Rf8 29. Ne2 Ng5 30. Ng1 Nh7 31. Ne2 Ng5 1/2-1/2

[Event "7. Open de Sants Hostafrancs"]
[Site "Barcelona ESP"]
[Date "2005.09.02"]
[Round "8.6"]
[White "Moskalenko, Viktor"]
[Black "Barrientos Chavarriaga, Sergio"]
[Result "1-0"]
[WhiteElo "2534"]
[BlackElo "2433"]
[PlyCount "137"]
[EventDate "2005.08.27"]
[EventType "swiss"]
[EventRounds "10"]
[EventCountry "ESP"]
[Source "lmi"]
[SourceDate "2005.08.30"]

1. d4 d5 2. c4 c6 3. Nf3 Nf6 4. Nc3 e6 5. e3 Nbd7 6. Qc2 Bd6 7. Bd3 dxc4 8.
Bxc4 b5 9. Bd3 Bb7 10. e4 e5 11. dxe5 Nxe5 12. Nxe5 Bxe5 13. h3 Qe7 14. O-O a6
15. a4 O-O 16. Be3 Rfe8 17. Ne2 Rad8 18. Rad1 Bb8 19. Rfe1 h6 20. Bc5 Bd6 21.
Bxd6 Rxd6 22. f4 Rdd8 23. Ng3 Qb4 24. Nf5 c5 25. e5 c4 26. Bf1 Ne4 27. Qe2 Kh7
28. axb5 axb5 29. Kh2 g6 30. Ng3 Nxg3 31. Kxg3 Rd3+ 32. Kh2 Rxd1 33. Qxd1 c3
34. bxc3 Qxf4+ 35. Kg1 Be4 36. Bxb5 Rxe5 37. Bf1 h5 38. Qd4 Re7 39. c4 f5 40.
c5 Ra7 41. Qd6 Qxd6 42. cxd6 Rd7 43. Rd1 Bc6 44. Bc4 Rd8 45. Kf2 Kg7 46. g3 Kf6
47. Re1 Be4 48. Rd1 Ke5 49. Ke3 Bc6 50. h4 Rd7 51. Bb3 Be4 52. Bf7 Bc6 53. Be8
Rxd6 54. Rxd6 Kxd6 55. Bxg6 Ke5 56. Bxh5 Ba4 57. Bf3 Be8 58. Be2 Bf7 59. Bd3
Bh5 60. Bf1 Be8 61. Bg2 Bh5 62. Bf3 Bf7 63. Be2 Be8 64. h5 Bf7 65. h6 Kf6 66.
Kf4 Kg6 67. Bh5+ Kf6 68. Bxf7 Kxf7 69. Kxf5 1-0

[Event "7. Open de Sants Hostafrancs"]
[Site "Barcelona ESP"]
[Date "2005.09.02"]
[Round "8.7"]
[White "Handke, Florian"]
[Black "Levin, Felix"]
[Result "1-0"]
[WhiteElo "2460"]
[BlackElo "2501"]
[PlyCount "50"]
[EventDate "2005.08.27"]
[EventType "swiss"]
[EventRounds "10"]
[EventCountry "ESP"]
[Source "lmi"]
[SourceDate "2005.08.30"]

1. e4 c6 2. d4 d5 3. e5 Bf5 4. Nf3 e6 5. Be2 Nd7 6. O-O Bg6 7. Nbd2 Nh6 8. c4
Nf5 9. Qb3 Rb8 10. cxd5 cxd5 11. Qa4 a6 12. b4 Be7 13. b5 O-O 14. bxa6 Ra8 15.
Ba3 Bxa3 16. Qxa3 bxa6 17. Rfc1 f6 18. Rc6 fxe5 19. dxe5 Nb8 20. Rc3 Nd7 21.
Rac1 a5 22. Rc6 Re8 23. Rc7 Nb6 24. Qc5 Nd7 25. Qc6 Nf8 1-0

[Event "7. Open de Sants Hostafrancs"]
[Site "Barcelona ESP"]
[Date "2005.09.02"]
[Round "8.8"]
[White "Gonzalez, Yuri"]
[Black "Gonzalez Rodriguez, Jorge A"]
[Result "1/2-1/2"]
[WhiteElo "2495"]
[BlackElo "2386"]
[PlyCount "28"]
[EventDate "2005.08.27"]
[EventType "swiss"]
[EventRounds "10"]
[EventCountry "ESP"]
[Source "lmi"]
[SourceDate "2005.08.30"]

1. d4 Nf6 2. c4 e6 3. Nc3 Bb4 4. Qc2 c5 5. dxc5 Bxc5 6. Nf3 b6 7. e4 Ng4 8. Nd1
Nc6 9. Bd2 O-O 10. Bd3 Nb4 11. Bxb4 Bxb4+ 12. Nc3 Qf6 13. Rc1 Bb7 14. O-O Rac8
1/2-1/2

[Event "7. Open de Sants Hostafrancs"]
[Site "Barcelona ESP"]
[Date "2005.09.02"]
[Round "8.9"]
[White "Grigore, George Gabriel"]
[Black "Halay, Taufik"]
[Result "1-0"]
[WhiteElo "2479"]
[BlackElo "2320"]
[PlyCount "117"]
[EventDate "2005.08.27"]
[EventType "swiss"]
[EventRounds "10"]
[EventCountry "ESP"]
[Source "lmi"]
[SourceDate "2005.08.30"]

1. d4 Nf6 2. c4 c5 3. d5 b5 4. cxb5 a6 5. bxa6 Bxa6 6. g3 d6 7. Bg2 g6 8. Nc3
Bg7 9. Nf3 Nbd7 10. Rb1 Nb6 11. b3 Bb7 12. Nh4 O-O 13. O-O Ra7 14. a4 Qd7 15.
Re1 Rc8 16. e4 Raa8 17. Nf3 Ne8 18. Bb2 Nc7 19. Qd2 Rcb8 20. Nd1 f6 21. Ne3 Bh6
22. Qc2 Bc8 23. Nd2 Na6 24. Bc3 Qe8 25. Bf1 Nd7 26. Ndc4 Nb4 27. Qd2 Ne5 28.
Bxe5 fxe5 29. Qc3 Bd7 30. Rb2 Qf7 31. Nc2 Na6 32. a5 Ra7 33. Nb6 Qe8 34. b4 Bb5
35. bxc5 Bxf1 36. Kxf1 Nxc5 37. Kg2 Qf7 38. Nb4 Rf8 39. Nc6 Rc7 40. Qa3 Na6 41.
Qd3 Nc5 42. Qe2 e6 43. Nb4 Ra7 44. Ra1 exd5 45. N6xd5 Ne6 46. Nc6 Nd4 47. Nxd4
exd4 48. Qd3 g5 49. h3 Bg7 50. a6 h5 51. Rab1 g4 52. hxg4 hxg4 53. Nf4 Raa8 54.
Rb7 Qa2 55. R1b2 Qxa6 56. Qb3+ Kh7 57. Rb1 Rxf4 58. Rh1+ Kg6 59. Qe6+ 1-0

[Event "7. Open de Sants Hostafrancs"]
[Site "Barcelona ESP"]
[Date "2005.09.02"]
[Round "8.10"]
[White "Borges Mateos, Juan"]
[Black "Escobar Forero, Alder"]
[Result "1-0"]
[WhiteElo "2467"]
[BlackElo "2416"]
[PlyCount "95"]
[EventDate "2005.08.27"]
[EventType "swiss"]
[EventRounds "10"]
[EventCountry "ESP"]
[Source "lmi"]
[SourceDate "2005.08.30"]

1. d4 Nf6 2. c4 d6 3. Nc3 g6 4. e4 Bg7 5. f3 O-O 6. Be3 a6 7. Nge2 Nc6 8. Qd2
Rb8 9. Nc1 e5 10. d5 Nd4 11. Nb3 c5 12. dxc6 bxc6 13. Nxd4 exd4 14. Bxd4 d5 15.
cxd5 cxd5 16. e5 Nd7 17. f4 f6 18. exf6 Re8+ 19. Be2 Nxf6 20. Be5 Rb4 21. O-O
Qb6+ 22. Kh1 Rxb2 23. Qd1 Qe3 24. Bf3 Rd2 25. Nxd5 Qd3 26. Qa4 Bd7 27. Nxf6+
Bxf6 28. Qa5 Bxe5 29. fxe5 Bb5 30. a4 Bc4 31. Rfd1 Rd8 32. Rxd2 Qxd2 33. Qc7
Bb3 34. h3 Rf8 35. a5 Qe3 36. Qb7 Be6 37. Qxa6 Bxh3 38. Qc4+ Kg7 39. Qe4 Qf2
40. Qe1 Qd4 41. Rd1 Qa4 42. e6 Rxf3 43. gxf3 Bxe6 44. Qe5+ Kf7 45. Re1 Qh4+ 46.
Kg1 Bd7 47. Re4 Qd8 48. Qd5+ 1-0

[Event "7. Open de Sants Hostafrancs"]
[Site "Barcelona ESP"]
[Date "2005.09.02"]
[Round "8.11"]
[White "Matnadze, Ana"]
[Black "Almeida, Omar"]
[Result "1-0"]
[WhiteElo "2389"]
[BlackElo "2462"]
[PlyCount "85"]
[EventDate "2005.08.27"]
[EventType "swiss"]
[EventRounds "10"]
[EventCountry "ESP"]
[Source "lmi"]
[SourceDate "2005.08.30"]

1. d4 e6 2. g3 Nf6 3. Bg2 c5 4. Nf3 Nc6 5. O-O Qb6 6. e3 d5 7. c4 dxc4 8. Na3
cxd4 9. Nxc4 Qa6 10. b3 Bc5 11. exd4 Be7 12. Nfe5 Nb4 13. Bb2 O-O 14. Re1 Nbd5
15. a3 b5 16. Ne3 Bb7 17. Qe2 Rfc8 18. Nxd5 Bxd5 19. Bxd5 Nxd5 20. Qh5 g6 21.
Qf3 Bf6 22. Re2 Qb7 23. h4 Rc7 24. Kg2 Bxh4 25. Nd3 Bf6 26. Nc5 Qb6 27. Rae1
Re8 28. b4 Qc6 29. Ne4 Bg7 30. Rc1 Qd7 31. Rc5 Rec8 32. Rd2 a6 33. Nc3 Nb6 34.
Rd1 Nc4 35. Bc1 h6 36. Ne4 f5 37. Rxc7 Rxc7 38. Nc5 Qd6 39. Bf4 e5 40. dxe5 Qb6
41. Rd8+ Kh7 42. Qd5 g5 43. e6 1-0

[Event "7. Open de Sants Hostafrancs"]
[Site "Barcelona ESP"]
[Date "2005.09.02"]
[Round "8.13"]
[White "Peralta, Fernando"]
[Black "Mela, Benjamin"]
[Result "1-0"]
[WhiteElo "2553"]
[BlackElo "2299"]
[PlyCount "40"]
[EventDate "2005.08.27"]
[EventType "swiss"]
[EventRounds "10"]
[EventCountry "ESP"]
[Source "lmi"]
[SourceDate "2005.08.30"]

1. Nf3 c5 2. c4 Nf6 3. Nc3 d5 4. cxd5 Nxd5 5. e3 Nxc3 6. bxc3 g6 7. Bb5+ Bd7 8.
Be2 Bg7 9. O-O O-O 10. d4 Nc6 11. Rb1 cxd4 12. cxd4 b6 13. Ba3 Re8 14. Rc1 Na5
15. Qd2 b5 16. Rfd1 f6 17. Ne5 Nb7 18. Bf3 Bc8 19. Nc6 Qc7 20. Na5 Nxa5 1-0

[Event "7. Open de Sants Hostafrancs"]
[Site "Barcelona ESP"]
[Date "2005.09.02"]
[Round "8.14"]
[White "Koskinen, Henri"]
[Black "Megaranto, Susanto"]
[Result "0-1"]
[WhiteElo "2296"]
[BlackElo "2499"]
[PlyCount "90"]
[EventDate "2005.08.27"]
[EventType "swiss"]
[EventRounds "10"]
[EventCountry "ESP"]
[Source "lmi"]
[SourceDate "2005.08.30"]

1. d4 c5 2. d5 e6 3. c4 exd5 4. cxd5 d6 5. Nc3 a6 6. a4 Ne7 7. Nf3 Ng6 8. h4
Nd7 9. h5 Nge5 10. Nxe5 Nxe5 11. h6 g6 12. Bf4 Be7 13. e3 O-O 14. Be2 f5 15.
Bg3 Nf7 16. Bc4 Bg5 17. Ne2 Bxh6 18. Nf4 Bxf4 19. exf4 Re8+ 20. Kf1 Qf6 21. b3
b6 22. Bh4 Qg7 23. Rh3 Bd7 24. Re3 Rxe3 25. fxe3 Nh6 26. Be2 Re8 27. Bf2 Ng4
28. Bxg4 fxg4 29. Qc1 Re4 30. Rb1 Qf7 31. Qd2 Qf5 32. Rd1 g5 33. g3 h5 34. Kg1
h4 35. Qd3 gxf4 36. exf4 h3 37. Qxa6 Re8 38. Rd2 Qe4 39. Qf1 Bf5 40. Kh2 Qf3
41. Qh1 Qxb3 42. Qa1 Qf3 43. Qh1 Qxh1+ 44. Kxh1 Re4 45. Ra2 Rb4 0-1

[Event "7. Open de Sants Hostafrancs"]
[Site "Barcelona ESP"]
[Date "2005.09.02"]
[Round "8.15"]
[White "Al Sayed, Mohamad Naser"]
[Black "Simon Padros, Emili"]
[Result "1-0"]
[WhiteElo "2478"]
[BlackElo "2287"]
[PlyCount "91"]
[EventDate "2005.08.27"]
[EventType "swiss"]
[EventRounds "10"]
[EventCountry "ESP"]
[Source "lmi"]
[SourceDate "2005.08.30"]

1. d4 e6 2. e4 d5 3. Nc3 Bb4 4. e5 c5 5. Bd2 Ne7 6. a3 Bxc3 7. Bxc3 b6 8. Bb5+
Bd7 9. Bd3 Nbc6 10. f4 Ng6 11. Ne2 Nh4 12. g3 cxd4 13. Nxd4 Nxd4 14. Bxd4 Ng6
15. O-O Ne7 16. Qh5 Nc6 17. c3 g6 18. Qh6 Qe7 19. g4 O-O-O 20. Rae1 Kb8 21. Kh1
Nxd4 22. cxd4 Rdg8 23. Qg5 Qd8 24. Kg2 h6 25. Qxd8+ Rxd8 26. h3 Rhg8 27. Kf3
Rc8 28. Rh1 Kb7 29. h4 a6 30. h5 g5 31. Rhf1 gxf4 32. Kxf4 Rg7 33. Kg3 Bb5 34.
Bxb5 axb5 35. Rf6 Rh7 36. Ref1 Rc7 37. R1f3 Ka6 38. g5 hxg5 39. Kg4 Rg7 40. h6
Rh7 41. Kxg5 b4 42. Kh5 Rc2 43. Rf2 b3 44. Rxc2 bxc2 45. Rf1 Kb5 46. b3 1-0

[Event "7. Open de Sants Hostafrancs"]
[Site "Barcelona ESP"]
[Date "2005.09.02"]
[Round "8.16"]
[White "Fluvia Poyatos, Jordi"]
[Black "Camino Carrio, Nicanor"]
[Result "1-0"]
[WhiteElo "2443"]
[BlackElo "2092"]
[PlyCount "48"]
[EventDate "2005.08.27"]
[EventType "swiss"]
[EventRounds "10"]
[EventCountry "ESP"]
[Source "lmi"]
[SourceDate "2005.08.30"]

1. e4 c5 2. Nf3 d6 3. d4 cxd4 4. Nxd4 Nf6 5. Nc3 g6 6. Be3 Bg7 7. f3 O-O 8. Qd2
Nc6 9. O-O-O d5 10. exd5 Nxd5 11. Nxc6 bxc6 12. Bd4 e5 13. Bc5 Be6 14. Ne4 Re8
15. h4 h6 16. g4 Qc7 17. Bc4 Red8 18. g5 Nb6 19. Bd3 Nc4 20. Qc3 Nb6 21. Qa5
Rab8 22. h5 Qb7 23. Ba6 Rxd1+ 24. Rxd1 Nc4 1-0

[Event "7. Open de Sants Hostafrancs"]
[Site "Barcelona ESP"]
[Date "2005.09.02"]
[Round "8.17"]
[White "Ledger, Andrew"]
[Black "Montilla Carrillo, Esteban"]
[Result "1-0"]
[WhiteElo "2438"]
[BlackElo "2277"]
[PlyCount "63"]
[EventDate "2005.08.27"]
[EventType "swiss"]
[EventRounds "10"]
[EventCountry "ESP"]
[Source "lmi"]
[SourceDate "2005.08.30"]

1. e4 c5 2. Nc3 Nc6 3. Bb5 g6 4. Bxc6 bxc6 5. d3 Bg7 6. f4 d6 7. Nf3 Nf6 8. O-O
O-O 9. Qe1 Rb8 10. Rb1 Ne8 11. Bd2 e6 12. b3 Nc7 13. e5 d5 14. Na4 Na6 15. Qe2
Re8 16. Be1 Bf8 17. Bh4 Be7 18. Bxe7 Qxe7 19. c4 Bb7 20. h3 Rbc8 21. Qe3 Rc7
22. Nh2 Kg7 23. Ng4 Qf8 24. Nf6 Rd8 25. a3 Ba8 26. h4 Rb8 27. Rb2 Rcb7 28. h5
Rxb3 29. Nd7 Qd8 30. Nxb8 Qxb8 31. Rxb3 Qxb3 32. Nxc5 1-0

[Event "7. Open de Sants Hostafrancs"]
[Site "Barcelona ESP"]
[Date "2005.09.02"]
[Round "8.18"]
[White "Randazzo, Adrian"]
[Black "Mascaro March, Pedro"]
[Result "1/2-1/2"]
[WhiteElo "2262"]
[BlackElo "2406"]
[PlyCount "102"]
[EventDate "2005.08.27"]
[EventType "swiss"]
[EventRounds "10"]
[EventCountry "ESP"]
[Source "lmi"]
[SourceDate "2005.08.30"]

1. e4 c5 2. Nf3 d6 3. Bb5+ Nd7 4. d4 Ngf6 5. Nc3 a6 6. Bxd7+ Nxd7 7. O-O e6 8.
Bg5 Qb6 9. Re1 f6 10. Bc1 Be7 11. a4 O-O 12. a5 Qc7 13. d5 e5 14. Nh4 Rf7 15.
Nf5 Bf8 16. Re3 g6 17. Rg3 b6 18. h4 Kh8 19. Ne3 f5 20. exf5 gxf5 21. Rf3 f4
22. g3 Nf6 23. gxf4 exf4 24. Rxf4 Bh6 25. Rf3 Bxe3 26. Rxe3 Bg4 27. Qe1 Rg8 28.
Rg3 Re7 29. Be3 Nh5 30. axb6 Qb7 31. Qd2 Nxg3 32. fxg3 Qxb6 33. Na4 Qb7 34.
Qc3+ Reg7 35. Bh6 Qxd5 36. Bxg7+ Rxg7 37. Re1 Be6 38. Qf6 Bg8 39. Nc3 Qd2 40.
Re2 Qd4+ 41. Qxd4 cxd4 42. Ne4 d5 43. Nf6 Rxg3+ 44. Kf2 Rg6 45. Nxg8 Kxg8 46.
Kf3 Rc6 47. Kf4 Kf7 48. Kf5 Rf6+ 49. Kg5 Rb6 50. Re5 Rxb2 51. Rxd5 h6+ 1/2-1/2

[Event "7. Open de Sants Hostafrancs"]
[Site "Barcelona ESP"]
[Date "2005.09.02"]
[Round "8.19"]
[White "Gabrielsen, Trond"]
[Black "Panelo Muñoz, Marcelo"]
[Result "1-0"]
[WhiteElo "2243"]
[BlackElo "2404"]
[PlyCount "69"]
[EventDate "2005.08.27"]
[EventType "swiss"]
[EventRounds "10"]
[EventCountry "ESP"]
[Source "lmi"]
[SourceDate "2005.08.30"]

1. e4 c5 2. c3 Nf6 3. e5 Nd5 4. d4 cxd4 5. Nf3 e6 6. cxd4 d6 7. Bc4 Be7 8. O-O
O-O 9. Qe2 Bd7 10. Nc3 Nxc3 11. bxc3 Bc6 12. Bf4 Qc7 13. Ng5 dxe5 14. Bxe5 Qd8
15. Nxf7 Rxf7 16. Bxe6 Nd7 17. Bxg7 Kxg7 18. Bxf7 Kxf7 19. d5 Bxd5 20. Qh5+ Kg7
21. Qxd5 Qc7 22. Rab1 Nc5 23. Rfe1 Bf6 24. Re3 Rd8 25. Qf5 Qd6 26. h4 b6 27.
Rbe1 Rf8 28. h5 Qd7 29. h6+ Kg8 30. Qh5 a6 31. Rg3+ Kh8 32. Rf3 Qc6 33. Qf5 Kg8
34. Rg3+ Kh8 35. Rg7 1-0

[Event "7. Open de Sants Hostafrancs"]
[Site "Barcelona ESP"]
[Date "2005.09.02"]
[Round "8.20"]
[White "Marin, Irina Luiza"]
[Black "Gordon, Stephen J"]
[Result "0-1"]
[WhiteElo "2224"]
[BlackElo "2390"]
[PlyCount "95"]
[EventDate "2005.08.27"]
[EventType "swiss"]
[EventRounds "10"]
[EventCountry "ESP"]
[Source "lmi"]
[SourceDate "2005.08.30"]

1. c4 e5 2. g3 Nf6 3. Bg2 c6 4. d4 exd4 5. Qxd4 d5 6. Nf3 Be6 7. cxd5 cxd5 8.
O-O Nc6 9. Qa4 Bc5 10. Nc3 O-O 11. e3 Qe7 12. a3 Rac8 13. b4 Bb6 14. Ne2 Ne4
15. Ned4 Nxd4 16. Nxd4 Nc3 17. Qb3 Bxd4 18. exd4 Ne2+ 19. Kh1 Nxd4 20. Qd3 Nf5
21. Re1 Qf6 22. Bf4 Qb2 23. Rad1 Qxf2 24. Rf1 Qb6 25. Bxd5 Rcd8 26. Qe4 Rxd5
27. Rxd5 Qc6 28. Rfd1 Bxd5 29. Rxd5 g6 30. Re5 Qa6 31. Kg2 Qxa3 32. Qxb7 Qa2+
33. Kh3 h5 34. Qe4 Qa4 35. Rd5 Qc6 36. b5 Qc8 37. Kg2 Re8 38. Qd3 Qb7 39. Kf2
Qb6+ 40. Kf1 Qf6 41. Kg2 Qb2+ 42. Kh3 Re2 43. Rd8+ Kh7 44. Bd2 Qf6 45. Bc3 Nd4
46. Qxe2 Qxd8 47. Bxd4 Qc8+ 48. Kg2 0-1

[Event "7. Open de Sants Hostafrancs"]
[Site "Barcelona ESP"]
[Date "2005.09.03"]
[Round "9.2"]
[White "Borges Mateos, Juan"]
[Black "Nisipeanu, Liviu Dieter"]
[Result "0-1"]
[WhiteElo "2467"]
[BlackElo "2679"]
[PlyCount "48"]
[EventDate "2005.08.27"]
[EventType "swiss"]
[EventRounds "10"]
[EventCountry "ESP"]
[Source "lmi"]
[SourceDate "2005.08.30"]

1. c4 g6 2. d4 Bg7 3. Nf3 d6 4. Nc3 Nd7 5. g3 e5 6. Bg2 Ne7 7. O-O O-O 8. e4
exd4 9. Nxd4 Nc6 10. Nxc6 bxc6 11. Qc2 Ne5 12. c5 Rb8 13. f4 Nc4 14. Rd1 d5 15.
b3 Qe7 16. bxc4 Qxc5+ 17. Kh1 Qxc4 18. e5 d4 19. Qe4 Qxc3 20. Bd2 Qb2 21. Qe1
Qa3 22. Rdc1 c5 23. Rab1 Be6 24. Ba5 Rfc8 0-1

[Event "7. Open de Sants Hostafrancs"]
[Site "Barcelona ESP"]
[Date "2005.09.03"]
[Round "9.3"]
[White "Parligras, Mircea"]
[Black "Grigore, George Gabriel"]
[Result "1-0"]
[WhiteElo "2571"]
[BlackElo "2479"]
[PlyCount "65"]
[EventDate "2005.08.27"]
[EventType "swiss"]
[EventRounds "10"]
[EventCountry "ESP"]
[Source "lmi"]
[SourceDate "2005.08.30"]

1. e4 c5 2. Nf3 Nc6 3. c3 d5 4. exd5 Qxd5 5. d4 e6 6. Be3 cxd4 7. cxd4 Nf6 8.
Nc3 Qd6 9. a3 Be7 10. Bd3 O-O 11. O-O b6 12. Qe2 Bb7 13. Rad1 Rad8 14. Rfe1 Qb8
15. Bb1 Rd7 16. d5 Nxd5 17. Nxd5 Rxd5 18. Rxd5 exd5 19. Ng5 Bxg5 20. Bxg5 Qd6
21. b4 h6 22. Bd2 a6 23. Qd3 f5 24. Ba2 Kh8 25. Bc1 Nd8 26. Bb2 Ne6 27. h4 Rf7
28. Re5 Nf4 29. Qe3 Nxg2 30. Qg3 Qc6 31. Rxf5 Nf4 32. Rxf4 d4 33. f3 1-0

[Event "7. Open de Sants Hostafrancs"]
[Site "Barcelona ESP"]
[Date "2005.09.03"]
[Round "9.5"]
[White "Gonzalez Garcia, Jose"]
[Black "Matnadze, Ana"]
[Result "1/2-1/2"]
[WhiteElo "2478"]
[BlackElo "2389"]
[PlyCount "123"]
[EventDate "2005.08.27"]
[EventType "swiss"]
[EventRounds "10"]
[EventCountry "ESP"]
[Source "lmi"]
[SourceDate "2005.08.30"]

1. d4 Nf6 2. c4 e6 3. Nc3 Bb4 4. e3 Nc6 5. Nf3 d5 6. Bd3 dxc4 7. Bxc4 O-O 8.
O-O a6 9. h3 h6 10. a3 Bd6 11. e4 e5 12. Be3 exd4 13. Bxd4 Nxd4 14. Qxd4 b5 15.
Ba2 c5 16. Qe3 b4 17. axb4 cxb4 18. Nd5 Nxd5 19. Bxd5 Rb8 20. e5 Bc7 21. Qe4
Bb6 22. e6 fxe6 23. Bxe6+ Bxe6 24. Qxe6+ Kh7 25. Qe4+ Kg8 26. Qe6+ Kh7 27. Qe4+
Kg8 28. Rxa6 Qd6 29. Kh1 Rf4 30. Qe2 Rf6 31. Nd2 Qd4 32. Nf3 Qc5 33. Qe4 Qb5
34. Rfa1 Rff8 35. Ne5 Rxf2 36. Nd3 Rff8 37. Qxb4 Qxa6 38. Qxf8+ Rxf8 39. Rxa6
Rf1+ 40. Kh2 Bc7+ 41. g3 Rf3 42. Nf4 Rf2+ 43. Kg1 Rxb2 44. Ra3 Bxf4 45. gxf4
Kf7 46. Ra6 Rb4 47. Kg2 Rxf4 48. Kg3 Rf6 49. Ra5 Kg6 50. Kg4 Rc6 51. Rb5 h5+
52. Kg3 Rc3+ 53. Kg2 h4 54. Ra5 Rg3+ 55. Kh2 Rg5 56. Ra4 Kh5 57. Ra7 Rg3 58.
Ra5+ g5 59. Ra6 Rc3 60. Kg2 Rc2+ 61. Kg1 Rc5 62. Rb6 1/2-1/2